Krisztus állhatatossága (2Tessz 3,5) és az erőszakmentesség lelkisége
Elmentve itt :
| Szerző: | |
|---|---|
| További közreműködők: | |
| Adatforrás: | Philobibl |
| Forrásdokumentuma: | Vigilia 76.2011:1. p. 2-10. |
| Dokumentumtípus: | Cikk |
| Nyelv: | magyar |
| Kulcsszavak: | bátorság etika teológia Aquinói Tamás erény Gandhi, M igazság kitartás |
| LEADER | 00616nab a2200217 c 4500 | ||
|---|---|---|---|
| 001 | bibPHI0043699 | ||
| 005 | 20200924125150.8 | ||
| 008 | 101116s2011 hu hun | ||
| 035 | |a human/philobibl/43697 | ||
| 100 | 1 | |a Boland, Vivian | |
| 245 | 1 | 0 | |a Krisztus állhatatossága (2Tessz 3,5) és az erőszakmentesség lelkisége |c Vivian Boland ; [ford. Kézdy Anikó] |
| 695 | |a bátorság | ||
| 695 | |a etika | ||
| 695 | |a teológia | ||
| 695 | |a Aquinói Tamás | ||
| 695 | |a erény | ||
| 695 | |a Gandhi, M | ||
| 695 | |a igazság | ||
| 695 | |a kitartás | ||
| 700 | 1 | |a Kézdy Anikó | |
| 773 | 0 | |t Vigilia |g 76.2011:1. p. 2-10. | |